000 00376nam a2200145 i 4500
001 bg
100 1 _aBERNATOWICZ-BIERUT, Grażyna
245 0 _aHiszpania we współczesnym świecie 1945-1975 /
_cGrażyna Bernatowicz-Bierut.
260 _aWarszawa,
_c1978.
040 _cBPK
041 _apol
080 _a32(46)
942 _cKS
008 s pl f |000 0 pol
999 _c9591
_d9591
856 _uhttp://koha.tu.koszalin.pl/cgi-bin/koha/opac-detail.pl?biblionumber=9591
_yKatalog online BPK